<?xml version="1.0" encoding="UTF-8"?>
<record
    xmlns:xsi="http://www.w3.org/2001/XMLSchema-instance"
    xsi:schemaLocation="http://www.loc.gov/MARC21/slim http://www.loc.gov/standards/marcxml/schema/MARC21slim.xsd"
    xmlns="http://www.loc.gov/MARC21/slim">

  <leader>02268cam a2200337 a 4500</leader>
  <controlfield tag="001">4332784</controlfield>
  <controlfield tag="005">20220326193336.0</controlfield>
  <controlfield tag="008">030929s2003    sp a     bc   000 0 spa d</controlfield>
  <datafield tag="020" ind1=" " ind2=" ">
    <subfield code="a">8489771049</subfield>
  </datafield>
  <datafield tag="020" ind1=" " ind2=" ">
    <subfield code="a">9788489771048</subfield>
  </datafield>
  <datafield tag="035" ind1=" " ind2=" ">
    <subfield code="a">(NNC)4332784</subfield>
  </datafield>
  <datafield tag="035" ind1=" " ind2=" ">
    <subfield code="a">(OCoLC)57521512</subfield>
  </datafield>
  <datafield tag="035" ind1=" " ind2=" ">
    <subfield code="a">(OCoLC)ocm57521512</subfield>
  </datafield>
  <datafield tag="040" ind1=" " ind2=" ">
    <subfield code="a">PUL</subfield>
    <subfield code="c">PUL</subfield>
    <subfield code="d">NNC</subfield>
  </datafield>
  <datafield tag="082" ind1=" " ind2=" ">
    <subfield code="a">709.2</subfield>
    <subfield code="b">D259r</subfield>
  </datafield>
  <datafield tag="100" ind1="1" ind2=" ">
    <subfield code="a">Filliou, Robert.</subfield>
    <subfield code="9">1256</subfield>
  </datafield>
  <datafield tag="245" ind1="1" ind2="0">
    <subfield code="a">Robert Filliou :</subfield>
    <subfield code="b">genio sin talento.</subfield>
  </datafield>
  <datafield tag="246" ind1="3" ind2="0">
    <subfield code="a">Genio sin talento</subfield>
  </datafield>
  <datafield tag="260" ind1=" " ind2=" ">
    <subfield code="a">Barcelona :</subfield>
    <subfield code="b">Museu d'Art Contemporani de Barcelona,</subfield>
    <subfield code="c">c2003.</subfield>
  </datafield>
  <datafield tag="300" ind1=" " ind2=" ">
    <subfield code="a">189 p. :</subfield>
    <subfield code="b">ill. (some col.) ;</subfield>
    <subfield code="c">29 cm.</subfield>
  </datafield>
  <datafield tag="500" ind1=" " ind2=" ">
    <subfield code="a">Catalog of an exhibition held at Museu d'art contemporani de Barcelona (MACBA), Apr. 11-June 29, 2003, Museum Kunst Palast, D&#xFC;sseldorf, July 26-Nov. 9, 2003, and Mus&#xE9;e d'art moderne de Lille m&#xE9;tropole, Villeneuve d'Ascq, Dec. 6, 2003-Mar. 28, 2004. The catalogs for the German and French exhibitions were published in their respective languages.</subfield>
  </datafield>
  <datafield tag="504" ind1=" " ind2=" ">
    <subfield code="a">Includes bibliographical references (p. 175-188).</subfield>
  </datafield>
  <datafield tag="505" ind1=" " ind2=" ">
    <subfield code="t">Prefacio</subfield>
    <subfield code="t">Robert Filliou: Exposition pour la 3&#xE8;me oeil/ Exhibition for the 3rd eye </subfield>
    <subfield code="r">Sylvie Jouval </subfield>
    <subfield code="t">Filliou, semejante a los humanos y artistas </subfield>
    <subfield code="r">Jean - Hubert Martin </subfield>
    <subfield code="t">Alemania es un buen lugar para dormir </subfield>
    <subfield code="r">Heike Van  Den Valentyn </subfield>
    <subfield code="t">Impulso General </subfield>
    <subfield code="r">Michel Collet </subfield>
    <subfield code="t">Po&#xEF; Po&#xEF; </subfield>
    <subfield code="r">Jean - Clarence Lambart </subfield>
    <subfield code="t">La creacion de obras de arte es un proceso de intercambio mutuo </subfield>
    <subfield code="t">La nocion de creacion permanente y el proyecto del primer centro de creacion permanente "po&#xEF;po&#xEF;drome" </subfield>
    <subfield code="t">Colaboraciones </subfield>
    <subfield code="t">De los principios de economia poetica a los principios de equivalencia, del espiritu a la tecnica. </subfield>
    <subfield code="t">El territorio de la republica Genial </subfield>
    <subfield code="t">La investigacion del territorio de la republica genial </subfield>
    <subfield code="t">Contribucion al arte de la paz  </subfield>
    <subfield code="t">El diccionario como guion </subfield>
    <subfield code="t">El arte como una forma organizada de juego </subfield>
    <subfield code="t">Anexos </subfield>
  </datafield>
  <datafield tag="600" ind1="1" ind2="0">
    <subfield code="a">Filliou, Robert</subfield>
    <subfield code="v">Exhibitions.</subfield>
    <subfield code="9">4092</subfield>
  </datafield>
  <datafield tag="650" ind1=" " ind2=" ">
    <subfield code="a">Catalogo de Exhibici&#xF3;n </subfield>
    <subfield code="v">Biografia </subfield>
    <subfield code="x">Arte moderno </subfield>
    <subfield code="9">4093</subfield>
  </datafield>
  <datafield tag="710" ind1="2" ind2=" ">
    <subfield code="a">Museu d'Art Contemporani (Barcelona, Spain)</subfield>
    <subfield code="9">1673</subfield>
  </datafield>
  <datafield tag="710" ind1="2" ind2=" ">
    <subfield code="a">Museum Kunst Palast (D&#xFC;sseldorf, Germany)</subfield>
    <subfield code="9">2009</subfield>
  </datafield>
  <datafield tag="710" ind1="1" ind2=" ">
    <subfield code="a">Villeneuve-d'Ascq (France).</subfield>
    <subfield code="b">Mus&#xE9;e d'art moderne.</subfield>
    <subfield code="9">4094</subfield>
  </datafield>
  <datafield tag="948" ind1="1" ind2=" ">
    <subfield code="a">20091020</subfield>
    <subfield code="b">c</subfield>
    <subfield code="c">fra1</subfield>
    <subfield code="d">SCMC</subfield>
  </datafield>
  <datafield tag="999" ind1=" " ind2=" ">
    <subfield code="c">765</subfield>
    <subfield code="d">765</subfield>
  </datafield>
  <datafield tag="952" ind1=" " ind2=" ">
    <subfield code="0">0</subfield>
    <subfield code="1">0</subfield>
    <subfield code="2">ddc</subfield>
    <subfield code="4">0</subfield>
    <subfield code="7">0</subfield>
    <subfield code="a">LV</subfield>
    <subfield code="b">LV</subfield>
    <subfield code="c">Monograf&#xED;as</subfield>
    <subfield code="d">2015-10-30</subfield>
    <subfield code="l">0</subfield>
    <subfield code="o">709.2 D259r</subfield>
    <subfield code="p">000755</subfield>
    <subfield code="r">2015-10-30 00:00:00</subfield>
    <subfield code="w">2015-10-30</subfield>
    <subfield code="y">01</subfield>
  </datafield>
</record>
